Ijipṣyan sāhityacaritr̲aṃ. (Record no. 58817)

MARC details
000 -LEADER
fixed length control field 00654cam a22002291 4500
001 - CONTROL NUMBER
control field sa 64004904
003 - CONTROL NUMBER IDENTIFIER
control field DLC
005 - DATE AND TIME OF LATEST TRANSACTION
control field 20260227112028.0
008 - FIXED-LENGTH DATA ELEMENTS--GENERAL INFORMATION
fixed length control field 890821s1959 ii b 000 0 malo
010 ## - LIBRARY OF CONGRESS CONTROL NUMBER
LC control number sa 64004904
035 ## - SYSTEM CONTROL NUMBER
System control number (OCoLC)20226640
040 ## - CATALOGING SOURCE
Original cataloging agency DLC
Transcribing agency WaU
Modifying agency DLC
042 ## - AUTHENTICATION CODE
Authentication code premarc
043 ## - GEOGRAPHIC AREA CODE
Geographic area code f-ua---
050 00 - LIBRARY OF CONGRESS CALL NUMBER
Classification number PJ1482
Item number .R7
100 0# - MAIN ENTRY--PERSONAL NAME
Personal name Krishna Chaitanya,
Dates associated with a name 1918-
245 10 - TITLE STATEMENT
Title Ijipṣyan sāhityacaritr̲aṃ.
260 ## - PUBLICATION, DISTRIBUTION, ETC.
Place of publication, distribution, etc. [Kottayam,
Name of publisher, distributor, etc. Sahithya Pravarthaka Co-operative Society; Sales Dept.
Date of publication, distribution, etc. 1959]
300 ## - PHYSICAL DESCRIPTION
Extent 136 p.
Other physical details maps.
Dimensions 19 cm.
500 ## - GENERAL NOTE
General note In Malayalam.
650 #0 - SUBJECT ADDED ENTRY--TOPICAL TERM
Topical term or geographic name entry element Egyptian literature
General subdivision History and criticism.

No items available.

Powered by Koha